000 00254 a2200121 4500
020 _a7509965860023
041 _aspa
100 _aMiguel Angel Herrera
245 _aLa Tierra
500 _aBad ISBN possibly 9686135154
942 _cBK
999 _c27132
_d27132
999 _d27132